000 00663cam a22002413a 4500
001 3805
003 PGUSA
005 20140828083038.0
008 060413s2006||||xxu|||||s|||||000 1 eng d
040 _aPGUSA
_beng
042 _adc
050 4 _aPR
100 1 _aMerriman, Henry Seton,
_d1862-1903
245 1 4 _aThe Vultures
_h[electronic resource] /
_cHenry Seton Merriman
260 _bProject Gutenberg,
_c2006
506 _aPublic domain in the USA.
516 _aElectronic text
653 _aSpy stories
653 _aEurope, Eastern -- Fiction
830 0 _aProject Gutenberg
_v3805
856 4 0 _uhttp://www.gutenberg.org/ebooks/3805
942 _cEB
999 _c233134
_d233134